旧国名を冠する駅 - Statistics

General Stats
  • This quiz has been taken 313 times
  • The average score is 180 of 638
Answer Stats
旧国名 事業者 駅名 % Correct
甲斐 JR東日本 甲斐大和
90%
武蔵 西武 武蔵大和
88%
河内 南海 河内長野
75%
武蔵 JR東日本/東急 武蔵小杉
75%
尾張 JR東海 尾張一宮
74%
相模 小田急 相模大野
73%
三河 JR東海 三河安城
72%
南海 泉佐野
70%
伊賀 JR西日本/伊賀鉄道 伊賀上野
70%
上総 JR東日本 上総一ノ宮
70%
常陸 JR東日本 常陸太田
70%
近江 JR西日本/近江鉄道 近江八幡
70%
大和 近鉄 大和八木
68%
安房 JR東日本 安房鴨川
68%
大和 近鉄 大和西大寺
67%
武蔵 JR東日本 武蔵小金井
67%
阿波 JR四国 阿波加茂
67%
美濃 JR東海/長良川鉄道 美濃太田
66%
越中 富山地鉄 越中泉
66%
大和 近鉄 大和高田
65%
南海 泉大津
65%
摂津 JR西日本 摂津富田
65%
伊勢 近鉄 伊勢中川
63%
常陸 JR東日本 常陸大宮
63%
備後 JR西日本 備後三川
63%
土佐 土佐くろしお鉄道 土佐佐賀
63%
武蔵 JR東日本/西武 武蔵境
62%
会津 JR東日本 会津若松
62%
近江 JR西日本 近江塩津
61%
下総 JR東日本 下総中山
60%
越後 JR東日本 越後湯沢
60%
武蔵 JR東日本 武蔵浦和
59%
越前 JR西日本 越前大野
59%
伊賀 JR西日本/伊賀鉄道 伊賀神戸
58%
武蔵 JR東日本 武蔵中原
58%
摂津 JR西日本 摂津本山
57%
武蔵 JR東日本 武蔵新城
57%
上総 小湊鉄道/いすみ鉄道 上総中野
57%
三河 JR東海 三河三谷
56%
武蔵 JR東日本 武蔵溝ノ口
56%
備後 JR西日本 備後落合
56%
上総 JR東日本 上総亀山
55%
羽後 JR東日本/由利高原鉄道 羽後本荘
54%
尾張 名鉄 尾張旭
53%
三河 JR東海 三河一宮
53%
遠江 天竜浜名湖鉄道 遠江一宮
53%
三河 JR東海 三河大野
52%
三河 JR東海 三河塩津
52%
磐城 JR東日本 磐城太田
52%
伯耆 JR西日本 伯耆大山
52%
天塩 JR北海道 天塩中川
52%
伊勢 近鉄 伊勢若松
51%
相模 相鉄 相模大塚
51%
武蔵 東急 武蔵小山
51%
下総 JR東日本 下総松崎
51%
近江 JR西日本 近江今津
51%
信濃 JR東日本 信濃大町
51%
信州 長野電鉄 信州中野
51%
河内 近鉄 河内永和
50%
三河 JR東海 三河大塚
50%
常陸 JR東日本 常陸多賀
50%
飛騨 JR東海 飛騨一ノ宮
50%
山城 JR西日本 山城多賀
49%
伊勢 JR東海 伊勢奥津
49%
伊豆 JR東日本 伊豆多賀
49%
羽後 秋田内陸縦貫鉄道 羽後太田
49%
あき JR西日本 あき亀山
49%
筑後 JR九州 筑後船小屋
49%
和泉 JR西日本 和泉府中
48%
駿河 JR東海 駿河小山
48%
武蔵 JR東日本 武蔵五日市
48%
安房 JR東日本 安房小湊
48%
越前 JR西日本 越前たけふ
48%
播州 JR西日本 播州赤穂
48%
備前 JR西日本 備前一宮
48%
上総 JR東日本 上総湊
47%
信濃 JR東日本 信濃境
47%
はりま JR西日本 はりま勝原
47%
美作 JR西日本 美作加茂
47%
紀伊 JR西日本 紀伊勝浦
47%
石狩 JR北海道 石狩沼田
47%
十勝 JR北海道 十勝清水
47%
群馬 JR東日本 群馬大津
47%
近江 JR東海 近江長岡
46%
武州 秩父鉄道 武州中川
45%
上総 いすみ鉄道 上総中川
45%
美濃 養老鉄道 美濃高田
45%
上州 上信電鉄 上州一ノ宮
45%
越前 JR西日本 越前高田
45%
河内 近鉄 河内国分
44%
近江 JR西日本 近江舞子
44%
羽前 JR東日本 羽前千歳
44%
越後 JR東日本 越後川口
44%
美作 JR西日本 美作落合
44%
土佐 JR四国 土佐加茂
44%
土佐 JR四国 土佐山田
44%
会津 JR東日本 会津高田
44%
和泉 南海 和泉大宮
43%
和泉 JR西日本 和泉砂川
43%
岩代 福島交通 岩代清水
43%
陸前 JR東日本 陸前落合
43%
陸中 三陸鉄道 陸中山田
43%
羽前 JR東日本 羽前中山
43%
羽後 JR東日本 羽後境
43%
越前 JR西日本 越前大宮
43%
越中 JR西日本 越中中川
43%
紀伊 JR西日本 紀伊田辺
43%
阿波 JR四国 阿波池田
43%
阿波 JR四国 阿波大宮
43%
土佐 JR四国 土佐大津
43%
志摩 近鉄 志摩磯部
42%
上総 JR東日本 上総興津
42%
野州 東武 野州大塚
42%
陸中 JR東日本 陸中中野
42%
備中 JR西日本 備中高梁
42%
伊予 JR四国 伊予西条
42%
筑前 JR九州 筑前前原
42%
津軽 JR東日本 津軽新城
42%
大和 JR西日本 大和小泉
41%
大和 JR西日本 大和新庄
41%
河内 京阪 河内森
41%
伊勢 近鉄 伊勢朝日
41%
遠州 天竜浜名湖鉄道 遠州森
41%
備前 JR西日本 備前原
41%
安芸 JR西日本 安芸中野
41%
長門 JR西日本 長門本山
41%
豊後 JR九州 豊後中川
41%
会津 JR東日本 会津中川
41%
伊勢 伊勢鉄道 伊勢上野
40%
甲斐 JR東海 甲斐上野
40%
飛騨 JR東海 飛騨古川
40%
陸前 JR東日本 陸前大塚
40%
備中 JR西日本 備中神代
40%
豊後 JR九州 豊後森
40%
会津 会津鉄道 会津田島
40%
山城 JR西日本 山城青谷
39%
河内 近鉄 河内山本
39%
和泉 JR西日本 和泉鳥取
39%
尾張 東海交通事業 尾張星の宮
39%
甲斐 JR東日本 甲斐小泉
39%
武蔵 JR東日本 武蔵増戸
39%
美濃 JR東海 美濃赤坂
39%
美乃 JR東海 美乃坂本
39%
下野 JR東日本 下野大沢
39%
陸前 JR東日本 陸前原ノ町
39%
備後 JR西日本 備後本庄
39%
伊予 JR四国 伊予石城
39%
伊予 JR四国 伊予三島
39%
豊後 JR九州 豊後竹田
39%
会津 JR東日本 会津坂下
39%
伊豆 伊豆急行 伊豆熱川
38%
伊豆 伊豆急行 伊豆稲取
38%
武蔵 西武 武蔵関
38%
羽後 JR東日本 羽後長野
38%
紀伊 南海 紀伊清水
38%
伊予 JR四国 伊予大洲
38%
伊予 JR四国 伊予中山
38%
会津 JR東日本 会津川口
38%
三河 愛知環状鉄道 三河豊田
37%
近江 JR西日本 近江高島
37%
上州 上信電鉄 上州富岡
37%
播磨 JR西日本 播磨新宮
37%
紀伊 JR西日本 紀伊新庄
37%
伊勢 近鉄 伊勢中原
36%
三河 豊橋鉄道 三河田原
36%
伊豆 伊豆箱根鉄道 伊豆長岡
36%
甲斐 JR東海 甲斐大島
36%
上総 小湊鉄道 上総山田
36%
下総 JR東日本 下総神崎
36%
下総 JR東日本 下総橘
36%
常陸 JR東日本 常陸大子
36%
羽前 JR東日本 羽前大山
36%
越前 JR西日本 越前花堂
36%
土佐 JR四国 土佐新荘
36%
肥前 JR九州 肥前鹿島
36%
河内 近鉄 河内小阪
35%
伊勢 JR東海 伊勢川口
35%
尾張 名鉄 尾張瀬戸
35%
武蔵 東急 武蔵新田
35%
安房 JR東日本 安房天津
35%
陸中 JR東日本 陸中八木
35%
越中 JR西日本 越中山田
35%
越後 JR東日本 越後大島
35%
肥前 JR九州 肥前長野
35%
岩手 IGRいわて銀河鉄道 岩手川口
35%
会津 会津鉄道 会津長野
35%
大和 近鉄 大和朝倉
34%
河内 JR西日本 河内磐船
34%
三河 名鉄 三河高浜
34%
相模 伊豆箱根鉄道 相模沼田
34%
陸中 JR東日本 陸中川井
34%
若狭 JR西日本 若狭高浜
34%
出雲 JR西日本 出雲横田
34%
備中 JR西日本 備中箕島
34%
紀伊 JR東海 紀伊長島
34%
讃岐 JR四国 讃岐財田
34%
阿波 JR四国 阿波川口
34%
肥前 JR九州 肥前旭
34%
肥前 JR九州 肥前古賀
34%
群馬 JR東日本 群馬総社
34%
伊那 JR東海 伊那大島
34%
河内 JR西日本 河内堅上
33%
武蔵 JR東日本 武蔵高萩
33%
武蔵 JR東日本 武蔵引田
33%
陸奥 JR東日本 陸奥湊
33%
丹波 JR西日本 丹波大山
33%
備中 JR西日本 備中高松
33%
紀伊 JR西日本 紀伊佐野
33%
紀伊 JR西日本 紀伊富田
33%
紀伊 JR西日本 紀伊山田
33%
阿波 JR四国/安佐海岸鉄道 阿波海南
33%
土佐 JR四国 土佐長岡
33%
肥前 JR九州 肥前浜
33%
日向 JR九州 日向大束
33%
伊賀 近鉄 伊賀上津
32%
三河 名鉄 三河鹿島
32%
相模 JR東海 相模金子
32%
越中 JR西日本 越中国分
32%
越後 JR東日本 越後中里
32%
美作 JR西日本 美作河井
32%
讃岐 JR四国 讃岐府中
32%
群馬 JR東日本 群馬八幡
32%
河内 近鉄 河内松原
31%
武蔵 西武 武蔵砂川
31%
備後 JR西日本 備後西城
31%
備後 JR西日本 備後庄原
31%
備後 JR西日本 備後八幡
31%
三河 JR東海 三河川合
30%
野州 東武 野州山辺
30%
陸中 JR東日本 陸中松川
30%
陸奥 JR東日本 陸奥横浜
30%
羽前 JR東日本 羽前山辺
30%
能登 のと鉄道 能登鹿島
30%
越中 あいの風とやま鉄道 越中大門
30%
丹波 JR西日本 丹波竹田
30%
群馬 JR東日本 群馬藤岡
30%
河内 近鉄 河内天美
29%
志摩 近鉄 志摩神明
29%
三河 名鉄 三河知立
29%
伊豆 伊豆急行 伊豆大川
29%
甲斐 JR東日本 甲斐大泉
29%
武蔵 東武 武蔵嵐山
29%
安房 JR東日本 安房勝山
29%
下野 JR東日本 下野花岡
29%
陸前 JR東日本 陸前小野
29%
陸中 JR東日本 陸中大橋
29%
羽前 JR東日本 羽前椿
29%
若狭 JR西日本 若狭本郷
29%
播磨 北条鉄道 播磨横田
29%
美作 JR西日本 美作千代
29%
備前 JR西日本 備前片上
29%
土佐 JR四国 土佐一宮
29%
肥後 JR九州 肥後大津
29%
伊那 JR東海 伊那八幡
29%
河内 近鉄 河内花園
28%
伊勢 JR東海 伊勢大井
28%
武蔵 JR東日本 武蔵白石
28%
下総 JR東日本 下総豊里
28%
信濃 JR東日本 信濃川島
28%
加賀 IRいしかわ鉄道 加賀笠間
28%
越中 JR西日本 越中八尾
28%
越後 JR東日本 越後石山
28%
丹後 WILLER TRAINS 丹後由良
28%
石見 JR西日本 石見横田
28%
美作 JR西日本 美作追分
28%
備前 JR西日本 備前田井
28%
長門 JR西日本 長門大井
28%
紀伊 JR西日本 紀伊由良
28%
会津 JR東日本 会津坂本
28%
会津 JR東日本 会津本郷
28%
会津 JR東日本 会津横田
28%
志摩 近鉄 志摩赤崎
27%
伊豆 伊豆急行 伊豆北川
27%
武州 東武 武州唐沢
27%
美濃 JR東海 美濃川合
27%
飛騨 JR東海 飛騨金山
27%
信濃 しなの鉄道 信濃追分
27%
信濃 しなの鉄道 信濃国分寺
27%
信濃 JR東日本 信濃松川
27%
磐城 JR東日本 磐城石川
27%
陸前 JR東日本 陸前山王
27%
陸中 JR東日本 陸中夏井
27%
羽前 JR東日本 羽前高松
27%
越中 富山地鉄 越中舟橋
27%
備後 JR西日本 備後赤坂
27%
紀伊 南海 紀伊神谷
27%
伊予 JR四国 伊予長浜
27%
伊予 JR四国 伊予北条
27%
阿波 JR四国 阿波橘
27%
豊後 JR九州 豊後国分
27%
渡島 道南いさりび鉄道 渡島当別
27%
津軽 弘南鉄道 津軽大沢
27%
大和 JR西日本 大和二見
26%
伊勢 近鉄 伊勢川島
26%
遠州 遠州鉄道 遠州小松
26%
武蔵 西武 武蔵藤沢
26%
上総 JR東日本 上総松丘
26%
近江 JR西日本 近江中庄
26%
美濃 長良川鉄道 美濃白鳥
26%
美濃 養老鉄道 美濃本郷
26%
飛騨 JR東海 飛騨国府
26%
信濃 JR東日本 信濃常盤
26%
陸中 三陸鉄道 陸中野田
26%
羽前 JR東日本 羽前小松
26%
羽前 JR東日本 羽前長崎
26%
若狭 JR西日本 若狭和田
26%
越中 あいの風とやま鉄道 越中宮崎
26%
因幡 JR西日本 因幡社
26%
讃岐 JR四国 讃岐津田
26%
伊予 JR四国 伊予横田
26%
いよ 伊予鉄道 いよ立花
26%
渡島 JR北海道 渡島砂原
26%
伊那 JR東海 伊那田島
26%
伊那 JR東海 伊那本郷
26%
津軽 JR東日本 津軽二股
26%
志摩 近鉄 志摩横山
25%
尾張 名鉄 尾張横須賀
25%
常陸 JR東日本 常陸津田
25%
信濃 長野電鉄 信濃吉田
25%
陸前 JR東日本 陸前赤井
25%
羽前 JR東日本 羽前豊里
25%
出雲 JR西日本 出雲坂根
25%
出雲 JR西日本 出雲神西
25%
石見 JR西日本 石見津田
25%
備前 JR西日本 備前西市
25%
安芸 JR西日本 安芸長浜
25%
紀伊 JR西日本 紀伊中ノ島
25%
紀伊 JR西日本 紀伊日置
25%
讃岐 JR四国 讃岐塩屋
25%
伊予 JR四国 伊予富田
25%
阿波 JR四国 阿波川島
25%
土佐 JR四国 土佐久礼
25%
肥後 JR九州 肥後長浜
25%
伊勢 近鉄 伊勢松本
24%
甲斐 JR東海 甲斐常葉
24%
上総 小湊鉄道 上総久保
24%
陸前 JR東日本 陸前豊里
24%
陸中 JR東日本 陸中門崎
24%
讃岐 JR四国 讃岐白鳥
24%
伊予 JR四国 伊予小松
24%
阿波 JR四国 阿波富田
24%
三河 JR東海 三河東郷
23%
武蔵 西武 武蔵横手
23%
武州 東武 武州長瀬
23%
陸前 JR東日本 陸前山下
23%
越前 JR西日本 越前富田
23%
能登 のと鉄道 能登中島
23%
越中 富山地鉄 越中中島
23%
雲州 一畑電車 雲州平田
23%
和泉 JR西日本 和泉橋本
22%
伊勢 三岐鉄道 伊勢治田
22%
上総 小湊鉄道 上総牛久
22%
磐城 JR東日本 磐城常葉
22%
磐城 JR東日本 磐城塙
22%
羽前 JR東日本 羽前松岡
22%
美作 JR西日本 美作土居
22%
備中 JR西日本 備中広瀬
22%
大隅 JR九州 大隅夏井
22%
薩摩 肥薩おれんじ鉄道 薩摩高城
22%
群馬 JR東日本 群馬原町
22%
伊那 JR東海 伊那福岡
22%
津軽 津軽鉄道 津軽中里
22%
伊勢 近鉄 伊勢石橋
21%
尾張 JR東海 尾張森岡
21%
三河 名鉄 三河鳥羽
21%
伊豆 伊豆箱根鉄道 伊豆仁田
21%
武州 秩父鉄道 武州日野
21%
飛騨 JR東海 飛騨小坂
21%
信濃 JR東日本 信濃川上
21%
陸前 三陸鉄道 陸前赤崎
21%
陸前 JR東日本 陸前高砂
21%
陸前 JR東日本 陸前浜田
21%
陸中 JR東日本 陸中折居
21%
羽後 秋田内陸縦貫鉄道 羽後中里
21%
丹後 WILLER TRAINS 丹後神崎
21%
伯耆 JR西日本 伯耆溝口
21%
長門 JR西日本 長門二見
21%
紀伊 JR西日本 紀伊有田
21%
紀伊 紀州鉄道 紀伊御坊
21%
伊予 JR四国 伊予吉田
21%
肥後 肥薩おれんじ鉄道 肥後高田
21%
薩摩 肥薩おれんじ鉄道 薩摩大川
21%
岩手 JR東日本 岩手飯岡
21%
大和 近鉄 大和上市
20%
伊勢 JR東海 伊勢八太
20%
三河 愛知環状鉄道 三河上郷
20%
駿河 大井川鐵道 駿河徳山
20%
上総 いすみ鉄道 上総東
20%
美濃 養老鉄道 美濃松山
20%
飛騨 JR東海 飛騨萩原
20%
信濃 JR東日本 信濃白鳥
20%
上州 上信電鉄 上州福島
20%
磐城 JR東日本 磐城棚倉
20%
陸前 JR東日本 陸前富山
20%
陸前 JR東日本 陸前谷地
20%
羽前 JR東日本 羽前前波
20%
羽前 JR東日本 羽前水沢
20%
若狭 JR西日本 若狭有田
20%
越後 JR東日本 越後赤塚
20%
越後 JR東日本 越後田中
20%
越後 JR東日本 越後広瀬
20%
越後 JR東日本 越後堀之内
20%
出雲 JR西日本 出雲八代
20%
播磨 JR西日本 播磨高岡
20%
周防 JR西日本 周防花岡
20%
長門 JR西日本 長門三隅
20%
紀伊 JR西日本 紀伊長田
20%
伊予 JR四国 伊予土居
20%
土佐 JR四国 土佐大正
20%
筑前 JR九州 筑前大分
20%
豊前 JR九州 豊前川崎
20%
肥前 JR九州 肥前白石
20%
肥前 JR九州 肥前長田
20%
薩摩 JR九州 薩摩塩屋
20%
会津 JR東日本 会津柳津
20%
伊那 JR東海 伊那松島
20%
三河 JR東海 三河槙原
19%
甲斐 JR東海 甲斐住吉
19%
武州 秩父鉄道 武州荒木
19%
上総 小湊鉄道 上総大久保
19%
上総 JR東日本 上総清川
19%
常陸 JR東日本 常陸青柳
19%
野州 東武 野州平川
19%
磐城 JR東日本 磐城石井
19%
羽後 JR東日本 羽後亀田
19%
能登 JR西日本 能登二宮
19%
越後 JR東日本 越後曽根
19%
備前 JR西日本 備前福河
19%
備中 JR西日本 備中川面
19%
紀伊 JR西日本 紀伊田原
19%
伊予 JR四国 伊予桜井
19%
伊予 JR四国 伊予立川
19%
伊予 JR四国 伊予氷見
19%
土佐 JR四国 土佐北川
19%
筑前 JR九州 筑前深江
19%
肥後 肥薩おれんじ鉄道 肥後二見
19%
日向 JR九州 日向長井
19%
渡島 JR北海道 渡島沼尻
19%
津軽 JR東日本 津軽宮田
19%
伊勢 JR東海 伊勢八知
18%
遠州 遠州鉄道 遠州岩水寺
18%
上総 小湊鉄道 上総鶴舞
18%
磐城 JR東日本 磐城浅川
18%
陸前 JR東日本 陸前稲井
18%
陸奥 JR東日本 陸奥白浜
18%
羽前 山形鉄道 羽前成田
18%
羽後 JR東日本 羽後岩谷
18%
羽後 JR東日本 羽後牛島
18%
越前 JR西日本 越前下山
18%
越前 JR西日本 越前東郷
18%
越中 富山地鉄 越中三郷
18%
越後 JR東日本 越後寒川
18%
美作 JR西日本 美作大崎
18%
周防 JR西日本 周防高森
18%
紀伊 JR西日本 紀伊姫
18%
紀伊 南海 紀伊細川
18%
土佐 JR四国 土佐昭和
18%
肥前 JR九州 肥前竜王
18%
薩摩 JR九州 薩摩松元
18%
津軽 JR東日本 津軽湯の沢
18%
伊勢 JR東海 伊勢柏崎
17%
伊勢 JR東海 伊勢鎌倉
17%
三河 名鉄 三河八橋
17%
甲斐 JR東海 甲斐岩間
17%
飛騨 JR東海 飛騨宮田
17%
羽前 JR東日本 羽前金沢
17%
羽後 JR東日本 羽後四ツ屋
17%
越前 えちぜん鉄道 越前開発
17%
越中 富山地鉄 越中中村
17%
越後 JR東日本 越後広田
17%
越後 JR東日本 越後水沢
17%
出雲 JR西日本 出雲三成
17%
備後 JR西日本 備後三日市
17%
周防 JR西日本 周防久保
17%
讃岐 JR四国 讃岐牟礼
17%
土佐 土佐くろしお鉄道 土佐白浜
17%
筑前 JR九州 筑前山手
17%
筑後 JR九州 筑後吉井
17%
豊前 JR九州 豊前善光寺
17%
肥前 JR九州 肥前飯田
17%
肥前 JR九州 肥前大浦
17%
肥前 JR九州 肥前久保
17%
大隅 JR九州 大隅大川原
17%
伊勢 JR東海 伊勢竹原
16%
遠州 遠州鉄道 遠州小林
16%
上総 小湊鉄道 上総村上
16%
信濃 JR東日本 信濃木崎
16%
信濃 JR東日本 信濃森上
16%
陸奥 青い森鉄道 陸奥市川
16%
陸奥 JR東日本 陸奥鶴田
16%
越前 JR西日本 越前田野
16%
越後 JR東日本 越後金丸
16%
越後 JR東日本 越後下関
16%
出雲 JR西日本 出雲大東
16%
播磨 JR西日本 播磨徳久
16%
紀伊 JR東海 紀伊市木
16%
伊予 JR四国 伊予出石
16%
伊予 JR四国 伊予寒川
16%
伊予 JR四国 伊予三芳
16%
豊後 JR九州 豊後中村
16%
肥前 JR九州 肥前麓
16%
日向 JR九州 日向住吉
16%
伊那 JR東海 伊那小沢
16%
美濃 養老鉄道 美濃青柳
15%
陸中 三陸鉄道 陸中宇部
15%
周防 JR西日本 周防下郷
15%
紀伊 JR西日本 紀伊小倉
15%
伊予 JR四国 伊予上灘
15%
伊予 JR四国 伊予亀岡
15%
伊予 JR四国 伊予宮野下
15%
伊予 JR四国 伊予和気
15%
阿波 JR四国 阿波中島
15%
阿波 JR四国 阿波山川
15%
筑前 JR九州 筑前垣生
15%
豊前 JR九州 豊前松江
15%
豊後 JR九州 豊後三芳
15%
肥前 JR九州 肥前七浦
15%
岩手 JR東日本 岩手上郷
15%
会津 JR東日本 会津大塩
15%
信濃 長野電鉄 信濃竹原
14%
陸奥 JR東日本 陸奥森田
14%
越中 富山地鉄 越中荏原
14%
越後 JR東日本 越後滝谷
14%
石見 JR西日本 石見福光
14%
美作 JR西日本 美作江見
14%
備中 井原鉄道 備中呉妹
14%
紀伊 JR東海 紀伊井田
14%
紀伊 JR西日本 紀伊内原
14%
紀伊 JR西日本 紀伊宮原
14%
筑前 JR九州 筑前植木
14%
日向 JR九州 日向新富
14%
岩手 JR東日本 岩手二日町
14%
会津 JR東日本 会津蒲生
14%
会津 会津鉄道 会津下郷
14%
遠州 遠州鉄道 遠州芝本
13%
上総 小湊鉄道 上総川間
13%
飛騨 JR東海 飛騨細江
13%
信濃 JR東日本 信濃浅野
13%
信濃 JR東日本 信濃平
13%
陸前 JR東日本 陸前白沢
13%
陸中 JR東日本 陸中大里
13%
羽前 JR東日本 羽前沼沢
13%
羽後 JR東日本 羽後飯塚
13%
越前 えちぜん鉄道 越前竹原
13%
因幡 若桜鉄道 因幡船岡
13%
美作 JR西日本 美作滝尾
13%
備後 JR西日本 備後矢野
13%
安芸 JR西日本 安芸阿賀
13%
安芸 JR西日本 安芸矢口
13%
紀伊 JR西日本 紀伊浦神
13%
讃岐 JR四国 讃岐相生
13%
伊予 JR四国 伊予大平
13%
伊予 JR四国 伊予平野
13%
阿波 JR四国 阿波大谷
13%
土佐 土佐くろしお鉄道 土佐入野
13%
土佐 土佐くろしお鉄道 土佐上川口
13%
筑前 JR九州 筑前岩屋
13%
薩摩 JR九州 薩摩今和泉
13%
岩手 三陸鉄道 岩手船越
13%
会津 JR東日本 会津越川
13%
会津 JR東日本 会津宮下
13%
伊那 JR東海 伊那上郷
13%
遠州 遠州鉄道 遠州西ヶ崎
12%
常陸 JR東日本 常陸鴻巣
12%
磐城 JR東日本 磐城守山
12%
陸奥 JR東日本 陸奥赤石
12%
羽後 秋田内陸縦貫鉄道 羽後長戸呂
12%
越前 JR西日本 越前薬師
12%
越後 JR東日本 越後岩沢
12%
越後 JR東日本 越後片貝
12%
越後 JR東日本 越後須原
12%
越後 JR東日本 越後早川
12%
備前 JR西日本 備前三門
12%
安芸 JR西日本 安芸幸崎
12%
安芸 JR西日本 安芸長束
12%
長門 JR西日本 長門古市
12%
長門 JR西日本 長門湯本
12%
紀伊 JR西日本 紀伊天満
12%
伊予 JR四国 伊予白滝
12%
筑前 JR九州 筑前山家
12%
筑後 JR九州 筑後大石
12%
豊後 JR九州 豊後清川
12%
豊後 JR九州 豊後豊岡
12%
肥後 JR九州 肥後伊倉
12%
大隅 JR九州 大隅横川
12%
会津 JR東日本 会津塩沢
12%
会津 JR東日本 会津西方
12%
会津 JR東日本 会津水沼
12%
伊那 JR東海 伊那新町
12%
上州 上信電鉄 上州七日市
11%
上州 上信電鉄 上州新屋
11%
越後 JR東日本 越後岩塚
11%
越後 JR東日本 越後田沢
11%
安芸 JR西日本 安芸川尻
11%
周防 JR西日本 周防佐山
11%
阿波 JR四国 阿波赤石
11%
阿波 JR四国 阿波福井
11%
土佐 JR四国 土佐岩原
11%
豊前 JR九州 豊前長洲
11%
日向 JR九州 日向沓掛
11%
会津 JR東日本 会津豊川
11%
会津 JR東日本 会津桧原
11%
津軽 JR東日本 津軽浜名
11%
上総 小湊鉄道 上総三又
10%
美濃 養老鉄道 美濃津屋
10%
美濃 養老鉄道 美濃山崎
10%
信濃 アルピコ交通 信濃荒井
10%
陸奥 JR東日本 陸奥岩崎
10%
越後 JR東日本 越後鹿渡
10%
長門 JR西日本 長門粟野
10%
長門 JR西日本 長門長沢
10%
筑前 JR九州 筑前内野
10%
筑前 JR九州 筑前庄内
10%
豊前 JR九州 豊前桝田
10%
豊後 JR九州 豊後荻
10%
薩摩 JR九州 薩摩板敷
10%
会津 会津鉄道 会津荒海
10%
陸奥 JR東日本 陸奥沢辺
9%
越前 えちぜん鉄道 越前新保
9%
播磨 北条鉄道 播磨下里
9%
阿波 JR四国 阿波半田
9%
土佐 JR四国 土佐穴内
9%
津軽 JR東日本 津軽五所川原
9%
備後 JR西日本 備後安田
8%
阿波 JR四国 阿波川端
8%
肥後 肥薩おれんじ鉄道 肥後田浦
8%
日向 JR九州 日向前田
8%
津軽 津軽鉄道 津軽飯詰
8%
陸奥 JR東日本 陸奥柳田
7%
越前 えちぜん鉄道 越前野中
7%
筑後 JR九州 筑後草野
7%
日向 JR九州 日向庄内
7%
薩摩 JR九州 薩摩川尻
7%
津軽 弘南鉄道 津軽尾上
7%
越前 えちぜん鉄道 越前島橋
6%
肥後 くま川鉄道 肥後西村
6%
日向 JR九州 日向北方
6%
豊前 平成筑豊鉄道 豊前大熊
5%
No matching quizzes found
Score Distribution
Percent of People with Each Score
Percentile by Number Answered
Your Score History
You have not taken this quiz